000 nam a22 7a 4500
999 _c9622
_d9622
008 180205b ||||| |||| 00| 0 eng d
100 _aChowdhary,M.
_95750
245 _aRed and Blue Pencils
260 _aNew Delhi
_bNBT
_c2014